Looking at life differently : (Record no. 516012)

000 -LEADER
fixed length control field 00395nam a22001217a 4500
082 ## - DEWEY DECIMAL CLASSIFICATION NUMBER
Classification number TNC O35 Su46
100 ## - MAIN ENTRY--PERSONAL NAME
Personal name Sukhabodhananda, Swami
9 (RLIN) 22296
245 ## - TITLE STATEMENT
Title Looking at life differently :
Remainder of title Minimising tensions maximising effectiveness
Statement of responsibility, etc by Swami Sukhabodhananda
260 ## - PUBLICATION, DISTRIBUTION, ETC. (IMPRINT)
Place of publication, distribution, etc Bangalore
Name of publisher, distributor, etc Prasanna Trust
Date of publication, distribution, etc 2003
300 ## - PHYSICAL DESCRIPTION
Extent 230p.
650 ## - SUBJECT ADDED ENTRY--TOPICAL TERM
Topical term or geographic name as entry element Meditation
9 (RLIN) 23489
650 ## - SUBJECT ADDED ENTRY--TOPICAL TERM
Topical term or geographic name as entry element Hindu meditations
9 (RLIN) 23490
Holdings
Withdrawn status Lost status Source of classification or shelving scheme Damaged status Koha normalized classification for sorting Not for loan Permanent location Current location Date acquired Full call number Barcode Date last seen Price effective from Koha item type
        TNC_O35_SU46   Indian Institute of Public Administration Indian Institute of Public Administration 2021-02-12 TNC O35 Su46 GR22292 2021-02-12 2021-02-12 GR

Powered by Koha